Journal of Health, Population and Nutrition

محفوظ في:

التنسيق: دورية

اللغة: Undetermined

منشور في: JSTOR
Springer

الموضوعات:

الوصول للمادة أونلاين: Login to view Source

الوسوم: إضافة وسم

لا توجد وسوم, كن أول من يضع وسما على هذه التسجيلة!

رقم الطلب:

LEADER 00512nas a2200169Ia 4500
008 220214c99999999xx |||||||||||| ||und||
022 |a 1606-0997 
022 |a 2072-1315 
245 0 0 |a Journal of Health, Population and Nutrition 
264 1 |b JSTOR 
264 1 |b Springer 
362 0 |a Vol. 18(2000)-30 (2012) 
653 1 0 |a Public Health 
856 4 0 |u https://www.jstor.org/journal/jhealpopunutr 
942 |c JL 
952 |0 0  |1 0  |4 0  |7 1  |9 35654  |a JSR  |b JSR  |d 2022-02-14  |l 0  |r 2022-02-14 00:00:00  |w 2022-02-14  |y JL 
999 |c 43987  |d 43987